| 000 | 00768cab a2200205 4500 | ||
|---|---|---|---|
| 001 | WB3309-47 | ||
| 008 | 090401t1997 xxu||||| |||| 00| 0 eng d | ||
| 035 | _a(Sirsi) u59964 | ||
| 041 | _aeng | ||
| 245 | _aGummer reforms planning policy | ||
| 260 | _c1997 | ||
| 350 | _a0 | ||
| 490 |
_aDoE News Release _v(101) 24 February 1997 (8) |
||
| 520 | _aSoS Environment has announced completion of a long process of planning policy reform aimed at striking the right balance between sustaining economic growth and protecting the environment with the issue of the new PPG1 "General policy and principles". Details. | ||
| 650 | _aPLANNING POLICY GUIDANCE NOTE 1 | ||
| 650 | _aREVISED PPG1 | ||
| 690 | _aPLANNING LAW AND PRACTICE | ||
| 942 | _n0 | ||
| 948 | _c04/03/1997 | ||
| 999 |
_c36902 _d36902 |
||